A case for an open Atlantic prosperity area (Registro nro. 324071)

Detalles MARC
000 -ENCABEZADO
Número de control [NR] 00760nam a22001937a 4500
005 - FECHA Y HORA DE LA ÚLTIMA TRANSACCIÓN
control field 20240403142228.0
008 - DE LONGITUD FIJA DE DATOS DE ELEMENTOS - INFORMACIÓN GENERAL
Elementos de longitud fija [NR] 240403b ||||| |||| 00| 0 eng d
020 ## - NUMERO INTERNACIONAL NORMALIZADO PARA LIBROS [R]
Número Internacional Normalizado del libro [NR] 8489633355
040 ## - FUENTE DE CATALOGACION [NR]
Agencia de catalogación original [NR] CO-BoUCM
Quien Cataloga David Moreno
Quien Clasifica David Moreno
041 ## - CODIGO DE IDIOMA [R]
Código de idioma para texto/pista de sonido o título separado [R] Inglés
100 1# - ASIENTO PRINCIPAL--NOMBRE PERSONAL [NR]
Nombre personal [NR] Cabrillo, Francisco
Fechas asociadas con el nombre [NR] 1950-
ID Autoridad 180416
245 12 - MENCION DE TITULO [NR]
Título [NR] A case for an open Atlantic prosperity area
Mención de responsabilidad, etc. [NR] Francisco Cabrillo, Jaime García-Legaz and Pedro Schwartz
260 ## - PUBLICACION, DISTRIBUCION, ETC. (PIE DE IMPRENTA) [R]
Lugar de publicación, distribución, etc. [R] Madrid
Nombre del editor, distribuidor, etc. [R] FAES
Fecha de publicación, distribución, etc. [R] 2006
300 ## - DESCRIPCION FISICA [R]
Extensión [R] 300 Paginas
651 ## - ASIENTO SECUNDARIO DE MATERIA - NOMBRE GEOGRAFICO [R]
Nombre geográfico [NR] Estados Unidos
Subdivisión general [R] Relaciones económicas
Subdivisión geográfica [R] Países de la Unión Europea
9 (RLIN) 180417
651 ## - ASIENTO SECUNDARIO DE MATERIA - NOMBRE GEOGRAFICO [R]
Nombre geográfico [NR] Países de la Unión Europea
Subdivisión general [R] Relaciones económicas
Subdivisión geográfica [R] Estados Unidos
9 (RLIN) 180418
942 ## - ELEMENTOS DE ENTRADA AGREGADOS (KOHA)
Sistema de clasificación DEWEY
Tema principal Economía
Tipo de ítem principal el descrito en 300a Libro
Edición 1
Clasificación 337.1
Parte restante de la signatura top. C117c
Título oculto en OPAC No
Existencias
Signatura topográfica Código de barras Última vez visto Ejemplar Costo de reposición Price effective from Tipo de ítem Perdido Sistema de clasificación Dañado No prestable Tipo de ítem específico Suprimido Ubicación habitual Ubicación actual Localización Fecha de creación Forma de adquisición
337.1 C117c 100172454 04/12/2025 Ej.1 26000.00 03/04/2024 Libro   DEWEY     Libro   Claustro Claustro Mezanine 03/04/2024 Donación